000 00775cab a2200241 4500
001 ABS52973
008 090401t1995 xxu||||| |||| 00| 0 eng d
035 _a(Sirsi) u1166
041 _aeng
100 _aAnderson, G.
245 _aSound advice
260 _c1995
350 _a0
490 _aHighways
_vJune 1995, 15(1)
520 _aThe government, through the introduction of design, build, finance and operate (DBFO) contracts, has implicitly proposed that private road building consortia should be responsible for providing noise insulation alongside roads.
650 _aNOISE INSULATION
650 _aNOISE POLLUTION
650 _aRESIDENTIAL PROPERTY
_96266
650 _aROADBUILDING
690 _aBUILT ENVIRONMENT
942 _n0
948 _c04/03/1997
999 _c636
_d636